Al-Edara./ (Record no. 3748)
[ view plain ]
| 000 -LEADER | |
|---|---|
| fixed length control field | 00512nac a22001571u 4500 |
| 020 ## - INTERNATIONAL STANDARD BOOK NUMBER | |
| International Standard Book Number | 9771101455 |
| 082 ## - DEWEY DECIMAL CLASSIFICATION NUMBER | |
| Classification number | 813 |
| Item number | E2437 |
| 090 ## - LOCALLY ASSIGNED LC-TYPE CALL NUMBER (OCLC); LOCAL CALL NUMBER (OCLC) | |
| -- | 3748 |
| -- | 3748 |
| 100 ## - MAIN ENTRY--PERSONAL NAME | |
| Personal name | Edris, Yousef |
| 245 ## - TITLE STATEMENT | |
| Title | Al-Edara./ |
| Statement of responsibility, etc | Yousef Edris. |
| 260 ## - PUBLICATION, DISTRIBUTION, ETC. (IMPRINT) | |
| Place of publication, distribution, etc | Cairo: |
| Name of publisher, distributor, etc | Maktabet Misr, [19?] |
| Date of publication, distribution, etc | C.[19?] |
| 300 ## - PHYSICAL DESCRIPTION | |
| Extent | 221p; |
| Other physical details | 16cm. |
| 650 ## - SUBJECT ADDED ENTRY--TOPICAL TERM | |
| Topical term or geographic name as entry element | Arabic Fiction. |
| 942 ## - ADDED ENTRY ELEMENTS (KOHA) | |
| Item type | Book - Borrowing |
| Call number prefix | 813E2437 |
| Withdrawn status | Item status | Materials specified (bound volume or other part) | Damaged status | Not for loan | Home library | Current library | Shelving location | Date acquired | Source of acquisition | Total Checkouts | Full call number | Barcode | Checked out | Date last seen | Date last borrowed | Koha item type |
|---|---|---|---|---|---|---|---|---|---|---|---|---|---|---|---|---|
| Invalid barcode - Cataloging Dep. | Central Library | Central Library | Second Floor | 07/05/2013 | Purchase | 2 | 813 EDR | 00000370 | 27/04/2009 | 06/04/2009 | 06/04/2009 | Book - Borrowing |